书目信息 |
| 题名: |
家居墙面设计
|
|
| 作者: | 汤小胤 , 何平静 , 邓金龙 著 | |
| 分册: | ||
| 出版信息: | 南宁 广西美术出版社 2002.02 |
|
| 页数: | 127页 | |
| 开本: | 14cm | |
| 丛书名: | ||
| 单 册: | ||
| 中图分类: | TU238.2 | |
| 科图分类: | ||
| 主题词: | 建筑设计 | |
| 电子资源: | ||
| ISBN: | 7-80674-068-6 | |
| 000 | 00665nam0 2200217 45 | |
| 001 | 0356453051 | |
| 005 | 2003030915405247 | |
| 010 | @a7-80674-068-6@b压膜@dRMB 10.00 | |
| 100 | @a20030309d2002 km y0chiy0120 ea | |
| 101 | 0 | @achi |
| 102 | @aCN@b450000 | |
| 200 | 1 | @a家居墙面设计@Ajia ju qiang mian she ji@f汤小胤,何平静,邓金龙著@Ftang xiao yin,he ping jing,deng jin long zhu |
| 210 | @a南宁@c广西美术出版社@d2002.02 | |
| 215 | @a127页@d14cm | |
| 606 | 0 | @a建筑设计 |
| 690 | @aTU238.2@v3 | |
| 701 | 0 | @a汤小胤@Atang xiao yin@4著 |
| 701 | 0 | @a何平静@Ahe ping jing@4著 |
| 701 | 0 | @a邓金龙@Adeng jin long@4著 |
| 801 | 0 | @aCN@bPFT@c20030309 |
| 905 | @dTU238.2@eT210 | |
| 家居墙面设计/汤小胤,何平静,邓金龙著.-南宁:广西美术出版社,2002.02 |
| 127页;14cm |
| ISBN 7-80674-068-6(压膜):RMB 10.00 |
| ● |
| 相关链接 |
|
|
|
正题名:家居墙面设计
索取号:TU238.2/T210
 
预约/预借
| 序号 | 登录号 | 条形码 | 馆藏地/架位号 | 状态 | 备注 |
| 1 | 365135 | 203651351 | 建筑与城市规划学院资料室/101建筑库 28排4列2层/ [索取号:TU238.2/T210] | 在馆 | |
| 2 | 365136 | 203651360 | 建筑与城市规划学院资料室/101建筑库 28排4列2层/ [索取号:TU238.2/T210] | 在馆 | |
| 3 | 365137 | 203651379 | 建筑库101/101建筑库 55排7列4层/ [索取号:TU238.2/T210] | 在馆 |